000 00715nam a2200265Ia 4500
005 20260121172707.0
008 008 260114s9999 xx 000 0 eng d
020 _a9789811623547
037 _aEBOOK
040 _aCRL
040 _beng
040 _cCRL
041 _2eng
041 _aeng
084 _qCRL
100 _aAnuradha Tomar, Hasmat Malik, Pramod Kumar, Atif Iqbal
_91091579
245 0 _aMachine Learning, Advances in Computing, Renewable Energy and Communication
260 _bSpringer
260 _bSpringer
260 _c2022
856 _uhttps://link.springer.com/openurl?genre=book&isbn=978-981-16-2354-7
942 _cEBOOK
999 _c1657319
_d1657319